000 00429nam a2200193Ia 4500
005 20240823050847.0
008 240823s9999||||xx |||||||||||||| ||und||
020 _a978-81-7829-944-0
041 _aENGLISH
082 _A363.20954 P9
100 _aRohit Choudhary
245 0 _aPolicing
250 _a1st
260 _c2009
_bSage Public
500 _aYES
650 _aGeneral
_bGeneral
942 _cBK
999 _c218226
_d218226